Statistics for Song Lyrics: Rammstein - Links 2 3 4

Click here to take the quiz!

General Stats

  • This quiz has been taken 130 times
  • The average score is 146 of 201

Answer Stats

Text% Correct
Links,
95%
Links.
95%
LInks,
95%
drei,
93%
vier.
92%
vier,
92%
Herz
82%
man
80%
zwo,
80%
Kann
77%
da
71%
Sie
71%
es
69%
Herzen
66%
mein
64%
doch
63%
Ein
60%
ein
60%
Können
60%
wollen
60%
ich
58%
der
57%
am
55%
brechen?
54%
Fleck,
52%
rechten
52%
sprechen?
52%
nach
51%
schlägt
51%
unten
51%
Kind
49%
sein?
49%
dann
48%
stehlen?
48%
Brust,
47%
dem
46%
in
46%
weg,
46%
linken
43%
Mit
43%
Stein
43%
denken?
42%
fragen?
42%
gewusst.
42%
hat
41%
seh'
41%
tragen?
41%
rein
40%
schlecht
40%
singen?
40%
qüalen?
39%
verschenken?
37%
aus
36%
darunter
34%
Neider
34%
zerspringen?
34%

Score Distribution

Percentile by Number Answered

Percent of People with Each Score

Your Score History

You have not taken this quiz